00365nam a22001217a 4500020001500000082001700015100001400032245006300046260004800109300000800157490002900165650004900194 a0854046224 a547.0562 HIL aHill,A.F. aTutorial Chemistry Texts7 Organotransition Metal Chemistry aCambridgebRoyal Society of Chemistryc2002 a186 aTutorial Chemistry Texts aChemistryaMetal ChemistryaOrganotransition